000
00332 a2200157 4500
001
186287
020
_a
85-305-0117-9
040
_c
Magnum
100
_a
Carrasco, Walcyr
240
1
0
_a
Meu primeiro beijo
_l
por
245
1
0
_a
Meu primeiro beijo
300
_a
112
362
0
_a
1997
697
_a
LITERATURA JUVENIL
942
_c
BK
999
_c
186287
_d
186287